| 000 | 00490cam a22002052a 4500 | ||
|---|---|---|---|
| 001 | 024628 | ||
| 003 | AR-FADEU | ||
| 008 | 311216n1993####xxu####################dd | ||
| 020 | _a84-481-0179-0 | ||
| 092 |
_a301 _bR598 _eBDT |
||
| 100 | _aRitzer, George | ||
| 245 | _aTeoría sociológica contemporánea | ||
| 260 | _aMéxico | ||
| 260 | _bMcGraw-Hill | ||
| 260 | _c1993 | ||
| 300 | _a680 p | ||
| 500 | _aIncluye bibliografía | ||
| 650 | _aSOCIOLOGIA-TEORIA/BDT/ | ||
| 942 | _cBDT | ||
| 999 |
_c30315 _d30315 |
||